| 000 | 00697nam a2200241Ia 4500 | ||
|---|---|---|---|
| 003 | OSt | ||
| 005 | 20220924114516.0 | ||
| 006 | a|||||r|||| 00| 0 | ||
| 007 | ta | ||
| 008 | 220923b |||||||| |||| 00| 0 ara d | ||
| 020 | _c270.00 | ||
| 024 | _a278902 | ||
| 037 |
_b317, 27/01/2010, Nadwi Publications _cTextual |
||
| 040 |
_aARTS _cARTS _bara |
||
| 041 |
_2ara _aara |
||
| 082 | _aO28,8x, P3 | ||
| 245 | 0 | _aTaraif wa akhbaar al faqahaa wal arabi | |
| 260 |
_aBeirut _bDar-al-marifata Lebanon _c2003 |
||
| 300 |
_a222p. _ccm. |
||
| 650 |
_aARABIC SATIRE _9173956 |
||
| 942 |
_hO28,8x, P3 _cTEXL _2CC |
||
| 999 |
_c393922 _d393922 |
||